Public affairs a lobing - súčasť podnikateľského prostredia

Vplyv vstupu Slovenska do EÚ na mnohé oblasti praxe u nás - aj na public relations. V súčasnom podnikateľskom prostredí je oblasť public affairs pre firmy nevyhnutnosťou. Public affairs a jeho charakterizácia. Na Slovensku sa začína vytvárať štandardná prax public affairs a lobingu - je to dané vstu...

Description complète

Enregistré dans:
Détails bibliographiques
Auteur principal: Fecko, Peter
Format: Chapitre de livre
Langue:slovaque
Sujets:
Tags: Ajouter un tag
Pas de tags, Soyez le premier à ajouter un tag!

MARC

LEADER 00000naa$a2200000$$$4500
001 0046051
005 20231006121520.9
041 0 |a slo 
044 |a SK 
245 1 0 |a Public affairs a lobing - súčasť podnikateľského prostredia  |c Peter Fecko 
520 |a Vplyv vstupu Slovenska do EÚ na mnohé oblasti praxe u nás - aj na public relations. V súčasnom podnikateľskom prostredí je oblasť public affairs pre firmy nevyhnutnosťou. Public affairs a jeho charakterizácia. Na Slovensku sa začína vytvárať štandardná prax public affairs a lobingu - je to dané vstupom nadnárodných spoločností na Slovensko a ich záujmom vyvíjať aktivity v tejto oblasti. 
610 2 0 |a prostredie podnikateľské 
610 2 0 |a firmy 
610 2 0 |a práca s verejnosťou 
610 2 0 |a lobizmus 
100 1 |a Fecko, Peter